Finančné deriváty a obchodovanie s nimi
Charakteristika obchodných derivátov a obchodovanie s nimi. Finančné deriváty sú produkty, ktorých hodnota je odvodená (derivovaná) od hodnoty primárneho aktíva alebo finančného nástroja. Charakteristika derivátov, ich konštrukcia a základné spôsoby ich využitia. Forwardy, forwardy na menu, forwardy...
Na minha lista:
| Autor principal: | |
|---|---|
| Formato: | Capítulo de Livro |
| Idioma: | eslovaco |
| Assuntos: | |
| Tags: |
Sem tags, seja o primeiro a adicionar uma tag!
|
MARC
| LEADER | 00000naa a2200000 4500 | ||
|---|---|---|---|
| 001 | r026004 | ||
| 005 | 20230809081424.0 | ||
| 041 | 0 | |a slo | |
| 044 | |a SK | ||
| 245 | 1 | 0 | |a Finančné deriváty a obchodovanie s nimi |c Karol Vlachynský |
| 520 | |a Charakteristika obchodných derivátov a obchodovanie s nimi. Finančné deriváty sú produkty, ktorých hodnota je odvodená (derivovaná) od hodnoty primárneho aktíva alebo finančného nástroja. Charakteristika derivátov, ich konštrukcia a základné spôsoby ich využitia. Forwardy, forwardy na menu, forwardy na úrokovú mieru. Futurity (future kontrakty). Opcie, typy opcií, obchodovanie s nimi. Swapy, menové swapy, úrokové swapy. | ||
| 610 | 2 | 0 | |a deriváty |
| 610 | 2 | 0 | |a trh finančný |
| 610 | 2 | 0 | |a obchody burzové |
| 610 | 2 | 0 | |a obchody termínové |
| 610 | 2 | 0 | |a forwardy |
| 610 | 2 | 0 | |a futurity |
| 610 | 2 | 0 | |a opcie |
| 610 | 2 | 0 | |a oceňovanie |
| 610 | 2 | 0 | |a swap |
| 610 | 2 | 0 | |a nástroje finančné |
| 100 | 1 | |a Vlachynský, Karol | |